| 000 | 00697nam a2200205Ia 4500 | ||
|---|---|---|---|
| 003 | IN-BaIIA | ||
| 008 | 211028s9999 xx 000 0 eng d | ||
| 040 | _cIIA Library | ||
| 080 |
_a524.7-77 _bQUA |
||
| 100 |
_aRobinson, Ivor _94481 |
||
| 245 | 0 |
_aQuasi - stellar sources and gravitational collapse _bincluding the proceedings of the 1st Texas symposium on relativistic astrophysics _cIvor Robinson |
|
| 260 |
_aChicago _bUniversity of Chicago Press _c1965 |
||
| 300 | _axvii, 475p. | ||
| 650 | _aAstronomy and astrophysics thesaurus | ||
| 650 |
_aGravitational collapse _94482 |
||
| 650 |
_aQuasars _91096 |
||
| 700 |
_a Schucking E. L. _94483 |
||
| 700 |
_aSchild, Alfred _94484 |
||
| 942 | _cBK | ||
| 999 |
_c2512 _d2512 |
||